| 000 | 00728nam#a22002415a#4500 | ||
|---|---|---|---|
| 001 | 2332 | ||
| 008 | 140605s2013####ag############000#0#und#d | ||
| 245 | 1 | 0 |
_aCervantes : _bUn escritor en busca de la libertad / _cEduardo Murias de Aller y Antonio Reyes. ilustrado por Jesús Gabán Bravo. |
| 250 | _a1ª ed. | ||
| 260 |
_aSan Isidro : _bVicens Vives Argentina, _c2013. |
||
| 300 |
_a88 p. ; _bil. col. ; _c24 cm. |
||
| 020 | _a9789871291489 | ||
| 100 | 1 | _aMurias de Aller, Eduardo. | |
| 700 | 1 |
_aReyes, Antonio. _4aut |
|
| 700 | 1 |
_aGabán Bravo, Jesús. _4ill |
|
| 080 | _a82-312.6 | ||
| 084 | _aM95 D21 | ||
| 653 | _aBiografía | ||
| 040 |
_aAR-ClEAG _cAR-ClEAG |
||
| 005 | 20241107184741.0 | ||
| 003 | AR-ClEAG | ||
| 942 | _cBK | ||
| 999 |
_c2332 _d2332 |
||
| 980 |
_62 _aEvangelina Gallicchio _82 _gEvangelina Gallicchio |
||